| 000 | 00831nam a2200241 i 4500 | ||
|---|---|---|---|
| 001 | 115004 | ||
| 003 | ES-MaACL | ||
| 005 | 20250924140133.0 | ||
| 007 | t| | ||
| 008 | 070216s1929 sp b |||| | spa d | ||
| 100 | 1 |
_aToutain, J. _9111164 |
|
| 245 | 1 | 3 |
_aLa economía en la edad antigua / _cpor J. Toutain ; traducción de Eduardo Ibarra y Rodríguez. |
| 260 |
_aBarcelona : _bCervantes, _c1929. |
||
| 300 |
_aXXXVI, 454 p. ; _c21 cm. |
||
| 490 | 1 |
_aLa evolución de la humanidad ; _v20 |
|
| 500 | _aCon 6 mapas en el texto. | ||
| 650 | 1 | 7 |
_aHistoria antigua _2embne _913385 |
| 650 | 1 | 4 |
_aHistoria económica- _yHasta S.V. _913408 |
| 700 | 1 |
_aIbarra y Rodríguez, Eduardo, _d1866-1944 _964967 |
|
| 830 | 0 |
_aLa evolución de la humanidad ; _v20 _9185926 |
|
| 852 |
_aES-MaACL _jC-29096 |
||
| 999 |
_c115004 _d115004 |
||